000 00353nam a22001337a 4500
020 _a9787513817387
082 _a915.1035
100 _aSinolingua
245 _aChina close-up: living chinese culture
_cSinolingua
260 _aBeijing
_bSinolingua
_c2019
300 _a159p
942 _2ddc
_cBK
999 _c586561
_d586561